| 000 | 00602nam a22002177a 4500 | ||
|---|---|---|---|
| 003 | LK-CoDNM | ||
| 005 | 20250129105757.0 | ||
| 008 | 250129b |||||||| |||| 00| 0 eng d | ||
| 040 |
_aLK-CoDNM _dLK-CoDNM _eLK-CoDNM |
||
| 041 | _aeng | ||
| 080 |
_a13 _bP4 |
||
| 100 |
_aShull Franklin A. _vR. Larue George and G. Ruthven Alexander |
||
| 245 | _aPrinciples of Animal Biology | ||
| 260 |
_aLondon _bMc Graw Hill Book Company, INC _c1920 |
||
| 300 | _axiv, 441. : ill ; 23 cm | ||
| 650 | _aAnimal Biology | ||
| 650 | _aEmbryology | ||
| 650 | _aCell | ||
| 650 | _aGenetics | ||
| 942 | _cBK | ||
| 999 |
_c237583 _d237583 |
||